000 00385nam a22001697a 4500
003 UA-OsUOA
001 2787
007 ta
008 20050721b un ||||| |||| 00| 0 ukr d
100 _aKybett
700 _aHarry
942 _cBK
040 _aUA-OsUOA
_cUA-OsUOA
_dUA-OsUOA
245 _aThe complete handbook of videocassette recorders.
_bDictionary
955 _a2
650 7 _2UDC
999 _c288949
_d288949